[Event "SRB-chT3 South"]
[Site "Serbia"]
[Date "2017.10.12"]
[Round "6.2"]
[White "Marinkovic, Vojkan"]
[Black "Mitrovic, Mikica"]
[Result "1/2-1/2"]
[WhiteElo "2031"]
[BlackElo "1963"]
[PlyCount "137"]
[EventDate "2017.09.03"]
[EventType "team-tourn"]
[EventRounds "11"]
[EventCountry "SRB"]
[SourceTitle "EXT 2022"]
[Source "ChessBase"]
[SourceDate "2021.10.06"]
[SourceVersion "1"]
[SourceVersionDate "2021.10.06"]
[SourceQuality "1"]

1. e4 d6 2. d4 Nf6 3. Nc3 g6 4. Be2 Bg7 5. Be3 c6 6. Qd2 b5 7. a3 Nbd7 8. Bh6 Bxh6 9. Qxh6 a6 10. Rd1 Qc7 11. Nh3 Bb7 12. Ng5 Rg8 13. Nxh7 0-0-0 14. Nxf6 Nxf6 15. Qe3 Kb8 16. f4 Bc8 17. h3 Rh8 18. Rf1 Qa5 19. Bf3 Qb6 20. Kf2 Rh4 21. e5 Ne8 22. Ne4 Ng7 23. Ng3 Ne6 24. Bg4 Nc7 25. Bxc8 Nd5 26. Qd2 Rxf4+ 27. Kg1 Rxf1+ 28. Kxf1 Kxc8 29. exd6 Rxd6 30. Ne4 Re6 31. Re1 Qc7 32. Nf2 Rxe1+ 33. Qxe1 Qg3 34. Ng4 Qf4+ 35. Kg1 Qxd4+ 36. Kh1 e6 37. Ne5 Qxb2 38. Nxf7 Qf6 39. Ne5 Kb7 40. Nd7 Qe7 41. Qxe6 Qxe6 42. Nc5+ Kb6 43. Nxe6 Ne3 44. Nf4 g5 45. Ne6 g4 46. h4 Nf5 47. g3 Nxg3+ 48. Kg2 Nf5 49. h5 c5 50. c3 a5 51. Nf4 Kc6 52. h6 Nxh6 53. Kg3 b4 54. cxb4 cxb4 55. axb4 axb4 56. Kf2 Kb5 57. Ke1 Kc4 58. Kd2 b3 59. Kc1 Nf5 60. Kb2 g3 61. Ng2 Kb4 62. Kb1 Kc3 63. Nf4 b2 64. Ne2+ Kb3 65. Nxg3 Nd6 66. Ne4 Nb5 67. Nc5+ Ka3 68. Ne4 Kb3 69. Nd2+ 1/2-1/2

[Event "SRB-chT3 South"]
[Site "Serbia"]
[Date "2010.09.26"]
[Round "3.3"]
[White "Marinkovic, Vojkan"]
[Black "Zdravkovic, Dragan S"]
[Result "0-1"]
[WhiteElo "2030"]
[BlackElo "2011"]
[PlyCount "114"]
[EventDate "2010.09.12"]
[EventType "team"]
[EventRounds "11"]
[EventCountry "SRB"]
[SourceTitle "EXT 2012"]
[Source "ChessBase"]
[SourceDate "2011.11.24"]
[SourceVersion "1"]
[SourceVersionDate "2011.11.24"]
[SourceQuality "1"]

1. e4 e5 2. Nf3 Nc6 3. Bc4 Bc5 4. c3 d6 5. b4 Bb6 6. Qb3 Qf6 7. h3 Nge7 8. a4 a5 9. b5 Nd8 10. Bb2 Ng6 11. d4 0-0 12. Nbd2 Nh4 13. Nxh4 Qxh4 14. Rf1 Ne6 15. Bxe6 Bxe6 16. d5 Bd7 17. g3 Qxh3 18. 0-0-0 f5 19. Rde1 Qg2 20. Qc2 fxe4 21. Qxe4 Rxf2 22. Rxf2 Qxf2 23. Rf1 Qxg3 24. Rf3 Qg5 25. c4 g6 26. Bc3 Bf5 27. Qe1 Bg4 28. Qg3 Rf8 29. Rxf8+ Kxf8 30. Kb2 Qf4 31. Qh4 h5 32. Qd8+ Kf7 33. Nb3 Qf6 34. Qb8 h4 35. Bd2 h3 36. Bh6 g5 37. c5 dxc5 38. d6 e4+ 39. Ka2 Qxh6 40. dxc7 h2 41. Qxb7 Kg8 42. c8Q+ Bxc8 43. Qxc8+ Kg7 44. Qd7+ Kf8 45. Qf5+ Kg8 46. Qc8+ Qf8 47. Qe6+ Qf7 48. Qxe4 c4 49. Nc1 Qf2+ 50. Kb1 Bd4 51. Qg6+ Kf8 52. Qd6+ Kg7 53. Qd7+ Kg6 54. Qe6+ Kh5 55. Qh3+ Qh4 56. Qf3+ Qg4 57. Qh1 Qf4 0-1

[Event "SRB-chT2 East"]
[Site "Pozarevac"]
[Date "2009.10.09"]
[Round "7.5"]
[White "Marinkovic, Vojkan"]
[Black "Floricelovic, Milos"]
[Result "0-1"]
[WhiteElo "2041"]
[BlackElo "2104"]
[PlyCount "90"]
[EventDate "2009.09.06"]
[EventType "team"]
[EventRounds "11"]
[EventCountry "SRB"]
[SourceTitle "EXT 2012"]
[Source "ChessBase"]
[SourceDate "2011.11.24"]
[SourceVersion "1"]
[SourceVersionDate "2011.11.24"]
[SourceQuality "1"]

1. e4 c5 2. Nf3 e6 3. d4 cxd4 4. Nxd4 a6 5. Be2 Qc7 6. 0-0 Nf6 7. f3 Bc5 8. Kh1 b5 9. Be3 Bb7 10. c3 d5 11. exd5 Nxd5 12. Bf2 h5 13. Nd2 Bd6 14. h3 Nd7 15. Ne4 Bf4 16. Nb3 Rd8 17. Qe1 Ba8 18. Nec5 Nxc5 19. Bxc5 Bg3 20. Qc1 Nf4 21. Qe3 Rd7 22. Rad1 Bd5 23. Bb6 Qb8 24. Bc5 Nxe2 25. Rxd5 Rxd5 26. Qxe2 Be5 27. Bd4 0-0 28. Qe4 Qd8 29. Nc1 Qg5 30. Ne2 Qf5 31. Qh4 Qd3 32. Re1 Qd2 33. Bf2 Qxb2 34. Bg3 Bxg3 35. Nxg3 Rfd8 36. Ne4 Rd1 37. Rxd1 Rxd1+ 38. Kh2 Qc1 39. Qxh5 Qf4+ 40. Ng3 Rd5 41. Qg4 Qxg4 42. hxg4 Rd2 43. Ne4 Rxa2 44. Kg3 a5 45. Nd6 Rb2 0-1

[Event "SRB-chT2 East"]
[Site "Pozarevac"]
[Date "2009.09.13"]
[Round "2.2"]
[White "Trickovic, Vladimir"]
[Black "Marinkovic, Vojkan"]
[Result "1-0"]
[WhiteElo "2065"]
[BlackElo "2041"]
[PlyCount "75"]
[EventDate "2009.09.06"]
[EventType "team"]
[EventRounds "11"]
[EventCountry "SRB"]
[SourceTitle "EXT 2012"]
[Source "ChessBase"]
[SourceDate "2011.11.24"]
[SourceVersion "1"]
[SourceVersionDate "2011.11.24"]
[SourceQuality "1"]

1. d4 e6 2. e4 d5 3. e5 c5 4. c3 Nc6 5. a3 a5 6. f4 Qb6 7. Nf3 Bd7 8. Be2 Nh6 9. b3 cxd4 10. cxd4 Nf5 11. Bb2 Rc8 12. Qd3 a4 13. b4 Na7 14. g4 Bb5 15. Qd2 Bxe2 16. Kxe2 Nh6 17. h3 Qb5+ 18. Qd3 Rc2+ 19. Nbd2 Rxb2 20. Rhc1 Kd7 21. Ne1 Be7 22. Ke3 Bh4 23. Qxb5+ Nxb5 24. Nd3 Rxd2 25. Kxd2 Nxd4 26. Nc5+ Ke7 27. Ke3 Nb5 28. Nxb7 Rb8 29. Nd6 Nxd6 30. Rc7+ Ke8 31. exd6 Bd8 32. Rac1 Ng8 33. Kd3 Nf6 34. Ra7 Ne4 35. Rc8 Nxd6 36. Rxb8 f6 37. Rxg7 Nf7 38. Rxf7 1-0

[Event "SRB-chT2 East"]
[Site "Pozarevac"]
[Date "2009.09.06"]
[Round "1.2"]
[White "Marinkovic, Vojkan"]
[Black "Krstic, Ranko"]
[Result "1/2-1/2"]
[WhiteElo "2041"]
[BlackElo "2169"]
[PlyCount "127"]
[EventDate "2009.09.06"]
[EventType "team"]
[EventRounds "11"]
[EventCountry "SRB"]
[SourceTitle "EXT 2012"]
[Source "ChessBase"]
[SourceDate "2011.11.24"]
[SourceVersion "1"]
[SourceVersionDate "2011.11.24"]
[SourceQuality "1"]

1. e4 c5 2. Nf3 Nf6 3. Nc3 Nc6 4. d4 d5 5. exd5 Nxd5 6. Bb5 Bg4 7. h3 Bh5 8. g4 Bg6 9. Nh4 Rc8 10. Qf3 e6 11. Nxd5 exd5 12. 0-0 Be7 13. Nxg6 hxg6 14. dxc5 0-0 15. Bxc6 bxc6 16. b4 Bf6 17. Rb1 Be5 18. Rb3 Re8 19. Bf4 Bxf4 20. Qxf4 Re4 21. Qd2 Qh4 22. Re1 f5 23. Rxe4 fxe4 24. a4 Kh7 25. Qf4 Qe7 26. Qe3 Qf6 27. c3 Rf8 28. b5 cxb5 29. axb5 Qe6 30. f4 Qd7 31. Rb4 Qc7 32. b6 axb6 33. cxb6 Qb8 34. b7 Rf7 35. Rb5 Rxb7 36. Rxd5 Rf7 37. Re5 Qb1+ 38. Kg2 Rd7 39. Qxe4 Rd2+ 40. Kg3 Qxe4 41. Rxe4 Rd3+ 42. Kf2 Rxc3 43. Re3 Rc4 44. Kg3 Ra4 45. Rf3 Rb4 46. Kh4 Ra4 47. Kg5 Ra5+ 48. f5 gxf5 49. Rxf5 Ra6 50. h4 Rg6+ 51. Kf4 Ra6 52. h5 Kh6 53. Re5 g6 54. hxg6 Kxg6 55. Kg3 Rb6 56. Kh4 Ra6 57. Re8 Rb6 58. Rg8+ Kh7 59. Rg5 Kh6 60. Rd5 Ra6 61. Rd8 Kg6 62. Rg8+ Kh7 63. Rg5 Kh6 64. Rf5 1/2-1/2

[Event "SRB-chT2 East"]
[Site "Golubac"]
[Date "2008.10.17"]
[Round "8.2"]
[White "Lazic, Milan Z"]
[Black "Marinkovic, Vojkan"]
[Result "0-1"]
[WhiteElo "2094"]
[BlackElo "2054"]
[PlyCount "82"]
[EventDate "2008.09.14"]
[EventType "team"]
[EventRounds "11"]
[EventCountry "SRB"]
[SourceTitle "EXT 2012"]
[Source "ChessBase"]
[SourceDate "2011.11.24"]
[SourceVersion "1"]
[SourceVersionDate "2011.11.24"]
[SourceQuality "1"]

1. e4 c6 2. d4 d5 3. e5 Bf5 4. g4 Bd7 5. Bd3 e6 6. Ne2 c5 7. c3 Nc6 8. Nd2 cxd4 9. cxd4 Nb4 10. Nf3 Nxd3+ 11. Qxd3 Bb4+ 12. Bd2 Bxd2+ 13. Qxd2 h5 14. Rg1 hxg4 15. Rxg4 g6 16. 0-0-0 Qc7+ 17. Kb1 0-0-0 18. Rc1 Bc6 19. Rgg1 Ne7 20. Rc5 Kb8 21. Rgc1 Nf5 22. Qb4 Ka8 23. Qa3 Qd7 24. Ra5 b6 25. Rxc6 bxa5 26. Rc5 Rh3 27. Qxa5 Rc8 28. Ng5 Rxh2 29. Nxf7 Rxf2 30. Nd6 Nxd6 31. exd6 Rxc5 32. dxc5 Rxe2 33. Qa6 Re1+ 34. Kc2 Qb7 35. Qa4 Qc8 36. b4 Re4 37. d7 Qc7 38. Qb5 Rf4 39. c6 Rf8 40. Qc5 Qh2+ 41. Kb3 Rf3+ 0-1

[Event "Serbia-chT central"]
[Site "Golubac"]
[Date "2003.??.??"]
[Round "?"]
[White "Milosevic, Slavisa"]
[Black "Marinkovic, Vojkan"]
[Result "1-0"]
[WhiteElo "2279"]
[BlackElo "2104"]
[PlyCount "45"]
[EventDate "2003.09.27"]
[EventType "team"]
[EventRounds "11"]
[EventCountry "YUG"]
[SourceTitle "CBM 096 Extra"]
[Source "ChessBase"]
[SourceDate "2003.10.22"]
[SourceVersion "2"]
[SourceVersionDate "2003.10.20"]
[SourceQuality "1"]

1. e4 c6 2. d4 d5 3. Nc3 dxe4 4. Nxe4 Bf5 5. Ng3 Bg6 6. Nh3 e6 7. Nf4 Bd6 8. Be3 Qc7 9. Qd2 Nf6 10. c4 c5 11. dxc5 Bxc5 12. Bxc5 Qxc5 13. Nxg6 hxg6 14. Be2 Nc6 15. 0-0 Rd8 16. Qc3 Nd4 17. Rfe1 Nxe2+ 18. Rxe2 Nh5 19. Nf1 Qg5 20. Qf3 Nf4 21. Re4 e5 22. Rae1 f6 23. Qxf4 1-0